[Event "GER-ch U18 Girls"]
[Site "Willingen"]
[Date "2007.05.30"]
[Round "7"]
[White "Thiele, Andra"]
[Black "Benzen, Marthe"]
[Result "1/2-1/2"]
[WhiteElo "1626"]
[BlackElo "1875"]
[PlyCount "119"]
[EventDate "2007.05.26"]
[EventType "swiss"]
[EventRounds "9"]
[EventCountry "GER"]
[SourceTitle "CBM 118 Extra"]
[Source "ChessBase"]
[SourceDate "2007.07.04"]
[SourceVersion "1"]
[SourceVersionDate "2007.07.04"]
[SourceQuality "1"]

1. e4 e5 2. f4 exf4 3. Nf3 d6 4. d4 Nc6 5. Bxf4 Nge7 6. Nc3 Ng6 7. Bg3 Be7 8. Bc4 Bf6 9. Nd5 0-0 10. Qd2 Re8 11. Nxf6+ Qxf6 12. 0-0 Rxe4 13. Ng5 Rxd4 14. Rxf6 Rxd2 15. Bxf7+ Kh8 16. Rff1 Bg4 17. Bb3 Nge5 18. Rae1 h6 19. Nf7+ Nxf7 20. Rxf7 Rc8 21. Ref1 Nd4 22. Rf8+ Rxf8 23. Rxf8+ Kh7 24. Bg8+ Kg6 25. Bf7+ Kf6 26. Bh5+ Ke7 27. Rf7+ Ke6 28. Bg6 Rxc2 29. Rxg7 Rc1+ 30. Kf2 Kf6 31. Rg8 Be6 32. Bh4+ Ke5 33. Rh8 Nf5 34. Bg3+ Kf6 35. Bxf5 Kxf5 36. Rf8+ Kg6 37. Bh4 Bxa2 38. Rf6+ Kg7 39. Rf5 Rc2+ 40. Kg1 Bc4 41. Rf4 Rc1+ 42. Kf2 Rf1+ 43. Ke3 Rxf4 44. Kxf4 Kf7 45. g4 Kg6 46. Bf2 a5 47. h4 b5 48. h5+ Kf7 49. Ke4 c6 50. Be3 Be6 51. Kf3 Kg7 52. g5 hxg5 53. Bxg5 Kf7 54. h6 b4 55. Ke3 c5 56. Be7 c4 57. Bxd6 Kg6 58. Bf8 c3 59. bxc3 b3 60. Ba3 1/2-1/2

[Event "GER-ch U16 Girls"]
[Site "Willingen"]
[Date "2006.06.07"]
[Round "7"]
[White "Karmann, Anna"]
[Black "Thiele, Andra"]
[Result "0-1"]
[WhiteElo "1709"]
[BlackElo "1578"]
[PlyCount "78"]
[EventDate "2006.06.03"]
[EventType "swiss"]
[EventRounds "9"]
[EventCountry "GER"]
[SourceTitle "EXT 2007"]
[Source "ChessBase"]
[SourceDate "2006.11.23"]
[SourceVersion "1"]
[SourceVersionDate "2006.11.23"]
[SourceQuality "1"]

1. c4 e5 2. Nc3 Nc6 3. g3 g6 4. Bg2 Bg7 5. e3 d6 6. Nge2 Nf6 7. 0-0 0-0 8. d3 Bf5 9. h3 Bd7 10. Rb1 a5 11. a3 Qc8 12. Kh2 h6 13. Nd5 Nxd5 14. cxd5 Nd8 15. Bd2 Kh7 16. Nc3 f5 17. f4 h5 18. Ne2 Nf7 19. Bc3 Rh8 20. Ng1 h4 21. gxh4 Bf6 22. Nf3 Kg7 23. Qe1 Rh5 24. Qg3 Qd8 25. Rg1 exf4 26. Bxf6+ Kxf6 27. Qxf4 Ne5 28. Rbd1 Kg7 29. Nd4 Qe7 30. Nf3 Nxf3+ 31. Bxf3 Rxh4 32. Qg3 Qf6 33. Bg2 Rah8 34. Qf2 Qe5+ 35. Qg3 Qxb2 36. Kh1 f4 37. Qxg6+ Kxg6 38. Be4+ Kf7 39. Bg6+ Ke7 0-1

[Event "GER-ch U16 Girls"]
[Site "Willingen"]
[Date "2006.06.05"]
[Round "4"]
[White "Remy, Janina"]
[Black "Thiele, Andra"]
[Result "1-0"]
[WhiteElo "1887"]
[BlackElo "1578"]
[PlyCount "112"]
[EventDate "2006.06.03"]
[EventType "swiss"]
[EventRounds "9"]
[EventCountry "GER"]
[SourceTitle "EXT 2007"]
[Source "ChessBase"]
[SourceDate "2006.11.23"]
[SourceVersion "1"]
[SourceVersionDate "2006.11.23"]
[SourceQuality "1"]

1. c4 e5 2. g3 Nf6 3. Bg2 d5 4. cxd5 Nxd5 5. Nf3 Nc6 6. 0-0 Be6 7. d3 Qd7 8. Ng5 Bg4 9. h3 Bh5 10. Nc3 Nb6 11. Be3 f6 12. Nge4 Nd4 13. Re1 0-0-0 14. Nd2 Bf7 15. Nb3 Bb4 16. Bd2 h5 17. Nxd4 exd4 18. Ne4 Bxd2 19. Qxd2 Qf5 20. Rec1 Kb8 21. a4 h4 22. g4 Qe5 23. f4 Qe7 24. a5 Nd5 25. Rc5 Be8 26. Rac1 a6 27. Nf2 Nc3 28. R1xc3 dxc3 29. Qxc3 Rc8 30. Ne4 Bb5 31. Qb4 c6 32. Rxb5 Qxb4 33. Rxb4 Ka7 34. Nc5 Rc7 35. Kf2 Re8 36. d4 Rce7 37. e4 Rb8 38. Na4 Rd8 39. Nb6 Rc7 40. Rc4 g5 41. f5 Re7 42. Ke3 Ree8 43. Bf3 Rd6 44. Na4 Rdd8 45. Rc5 Re7 46. Nb6 Kb8 47. e5 Rde8 48. e6 Rf8 49. b4 Ka7 50. Nd7 Rff7 51. Nb6 Re8 52. Kd3 Rc7 53. d5 Rd8 54. Kc3 Kb8 55. Nd7+ Kc8 56. Nxf6 Rf8 1-0

[Event "GER-ch U16 Girls"]
[Site "Willingen"]
[Date "2006.06.04"]
[Round "3"]
[White "Jehle, Anja"]
[Black "Thiele, Andra"]
[Result "1-0"]
[WhiteElo "1834"]
[BlackElo "1578"]
[PlyCount "73"]
[EventDate "2006.06.03"]
[EventType "swiss"]
[EventRounds "9"]
[EventCountry "GER"]
[SourceTitle "EXT 2007"]
[Source "ChessBase"]
[SourceDate "2006.11.23"]
[SourceVersion "1"]
[SourceVersionDate "2006.11.23"]
[SourceQuality "1"]

1. d4 d5 2. c4 e6 3. Nc3 Nf6 4. Bg5 Nbd7 5. Nf3 Bb4 6. Rc1 c5 7. cxd5 exd5 8. dxc5 Nxc5 9. e3 Be6 10. Bb5+ Ncd7 11. 0-0 Bxc3 12. Rxc3 0-0 13. Qb1 Qb6 14. Bd3 Rac8 15. Rfc1 Rxc3 16. Rxc3 g6 17. Bh6 Rd8 18. Qc2 Ne4 19. Bxe4 dxe4 20. Nd4 Nf6 21. Bg5 Bd5 22. h3 Re8 23. Qa4 Rf8 24. Bxf6 Qxf6 25. Qxa7 b6 26. a3 Qd6 27. Qa4 Rb8 28. Qc2 Rf8 29. Rc7 f5 30. Qc3 Qf6 31. Rd7 Bf7 32. Qc7 b5 33. Rd6 Qh8 34. Rb6 Bc4 35. b3 Bd3 36. Qe7 h6 37. Rb7 1-0

[Event "GER-ch U16 Girls"]
[Site "Willingen"]
[Date "2006.06.03"]
[Round "1"]
[White "Hoffmann, Lena"]
[Black "Thiele, Andra"]
[Result "0-1"]
[WhiteElo "1910"]
[BlackElo "1578"]
[PlyCount "100"]
[EventDate "2006.06.03"]
[EventType "swiss"]
[EventRounds "9"]
[EventCountry "GER"]
[SourceTitle "EXT 2007"]
[Source "ChessBase"]
[SourceDate "2006.11.23"]
[SourceVersion "1"]
[SourceVersionDate "2006.11.23"]
[SourceQuality "1"]

1. Nc3 d5 2. e4 d4 3. Nce2 e5 4. Ng3 Be6 5. b3 Nd7 6. Bc4 Bxc4 7. bxc4 d3 8. Nf3 f6 9. 0-0 Ne7 10. Ne1 Nc5 11. Ba3 dxc2 12. Qxc2 Nc6 13. Bxc5 Bxc5 14. Nd3 Be7 15. f4 Qd4+ 16. Nf2 0-0 17. Ne2 Qc5 18. f5 Nd4 19. Nxd4 Qxd4 20. Rab1 b6 21. Rb5 c6 22. Rb3 Rfd8 23. d3 Rd7 24. Rd1 Rad8 25. Kf1 Bc5 26. Rd2 h6 27. g3 Kf7 28. Qd1 Kg8 29. Kg2 Qd6 30. h4 Bxf2 31. Kxf2 Qc5+ 32. Kf3 Qe7 33. g4 Kf7 34. Qg1 Rg8 35. Rg2 Qd8 36. Ke2 c5 37. Qe3 Kf8 38. Rb1 Qe8 39. Qf3 Qf7 40. g5 hxg5 41. hxg5 Rc7 42. Rbg1 Rh8 43. Ke3 Rd7 44. a4 Ke8 45. g6 Qf8 46. Rb2 Qd6 47. Kd2 Rh2+ 48. Rg2 Rxg2+ 49. Qxg2 Qxd3+ 50. Ke1 Qc3+ 0-1

[Event "Halle-chT (Women)"]
[Site "Halle"]
[Date "2005.04.15"]
[Round "3.7"]
[White "Thiele, Andra"]
[Black "Nattermueller, Irina"]
[Result "0-1"]
[WhiteElo "1420"]
[BlackElo "2152"]
[PlyCount "74"]
[EventDate "2005.04.14"]
[EventType "team"]
[EventRounds "5"]
[EventCountry "GER"]
[SourceTitle "CBM 105 Extra"]
[Source "ChessBase"]
[SourceDate "2005.05.01"]
[SourceVersion "1"]
[SourceVersionDate "2005.05.01"]
[SourceQuality "1"]

1. d4 d5 2. e3 e6 3. c4 c5 4. cxd5 exd5 5. dxc5 Bxc5 6. Bb5+ Nc6 7. Nc3 Nf6 8. h3 0-0 9. Nf3 Bf5 10. 0-0 Rc8 11. a3 a6 12. Bxc6 bxc6 13. b4 Ba7 14. Bb2 Qd6 15. Ne2 Rfe8 16. Ng3 Bd7 17. Bd4 Bb8 18. Qe2 Ne4 19. Nh5 Ng5 20. Nf4 Qxf4 21. exf4 Nxh3+ 22. gxh3 Rxe2 23. Be3 Rc2 24. Kh2 Re8 25. Nd4 Rc4 26. Rac1 Bxf4+ 27. Bxf4 Rxd4 28. Bg3 Rde4 29. Rfd1 g5 30. Rd2 R4e6 31. Rc5 Rh6 32. Ra5 Bxh3 33. f3 Re3 34. Kg1 Rxf3 35. Bf2 g4 36. Rxa6 g3 37. Bxg3 Rxg3+ 0-1